|
|
|
|
| LEADER |
00000nab a2200000 a 4500 |
| 001 |
vtls000511153 |
| 003 |
SK-MaSNL |
| 005 |
20260304090433.0 |
| 008 |
250425c1993 xo 0 slo |
| 015 |
|
|
|a SNBRB19rr/mm-uuuuu
|
| 035 |
|
|
|a CL0511291
|
| 035 |
|
|
|a urn:nbn:sk:snk-abcsc
|
| 035 |
|
|
|a (urnnbn)urn:nbn:sk:snk:ar-a047sb
|
| 035 |
|
|
|a (uuid)4bf459dc-6e13-4b93-bb3a-305059496d9e
|
| 040 |
|
|
|a SNKBUCL
|b slo
|c SNKBUCL
|e AACR2
|
| 041 |
0 |
|
|a eng
|
| 044 |
|
|
|a xo
|c SK
|
| 080 |
|
|
|a 539.125.5:546.657
|2 1981
|
| 080 |
|
|
|a 546.657
|2 1981
|
| 100 |
1 |
|
|a Majumdar, R.
|4 aut
|9 1182369
|
| 245 |
1 |
0 |
|a Damping of the 1h11/2 neutron hole state of the 145-149Nd
|c R. Majumdar
|
| 300 |
|
|
|b Tab. 7, lit. 16 zázn. v angl.
|
| 650 |
0 |
7 |
|a neodým
|2 snkbucl
|9 150854
|
| 650 |
0 |
7 |
|a neutróny
|2 snkbucl
|9 50192
|
| 650 |
0 |
7 |
|a kvázičastice
|2 snkbucl
|9 1381475
|
| 650 |
0 |
7 |
|a fonóny
|2 snkbucl
|9 986210
|
| 655 |
|
7 |
|a články z novín a časopisov
|2 snkbucl
|9 267496
|
| 773 |
0 |
|
|t Acta physica slovaca
|g Roč. 43, č. 5 (1993), s. 323-332
|x 0323-0465
|
| 850 |
|
|
|a Slovenská národná knižnica
|
| 852 |
|
|
|a Slovenská národná knižnica
|
| 958 |
|
|
|a article27
|
| 958 |
|
|
|a RK
|
| 958 |
|
|
|a NB
|
| 958 |
|
|
|a OND
|
| 958 |
|
|
|a EUIPO
|
| 992 |
|
|
|a RBX
|
| 999 |
|
|
|c 2811463
|d 2813393
|